000 00377nam a2200169Ia 4500
001 30461
003 IN-NITTTR
005 20251114233411.0
008 251113s9999||||xx |||||||||||||| ||eng||
040 _beng
040 _cIN-NITTTR
041 _aeng
082 _a891.433 S11B
100 _aSaratchandra,
245 0 _aBrahaman ki baeti /
_cSaratchandra
942 _2ddc
_cBK
999 _c33089
_d33089